|
|
|
|
| LEADER |
00000nam0a2200000 4500 |
| 001 |
188706 |
| 005 |
20241025114551.0 |
| 010 |
|
|
|a 9785916630695
|b 1800 экз.
|
| 035 |
|
|
|a (RuTPU)RU\TPU\book\204956
|
| 090 |
|
|
|a 188706
|
| 100 |
|
|
|a 20101213d2010 k y0rusy50 ca
|
| 101 |
1 |
|
|a rus
|c lat
|
| 102 |
|
|
|a RU
|
| 105 |
|
|
|a y z 000zb
|
| 200 |
1 |
|
|a Записки о военных походах
|f Цезарь Гай Юлий
|g пер. с лат. и комментарии М. М. Покровского
|
| 210 |
|
|
|a Москва
|c Бизнеском
|d 2010
|
| 215 |
|
|
|a 285 с.
|e Дайджест
|
| 225 |
1 |
|
|a Библиотека Генерального Директора. Вечная классика
|v Т. XI (XXXV)
|
| 300 |
|
|
|a В футляре.
|
| 600 |
|
0 |
|a Цезарь Гай Юлий
|c римский диктатор, император в 49-44 др н.э.
|c родоначальник Юлиев-Клавдиев
|f 102/100-44 до н. э.
|7 ca
|8 rus
|2 stltpush
|3 (RuTPU)RU\TPU\pers\778
|9 352
|
| 606 |
1 |
|
|a Рим Древний
|x История
|2 stltpush
|3 (RuTPU)RU\TPU\subj\58965
|9 76639
|
| 606 |
1 |
|
|a Военная история
|2 stltpush
|3 (RuTPU)RU\TPU\subj\3234
|9 31683
|
| 610 |
1 |
|
|a античность
|
| 610 |
1 |
|
|a античные деятели
|
| 610 |
1 |
|
|a Античный Рим
|
| 610 |
1 |
|
|a военное дело
|
| 610 |
1 |
|
|a военные походы
|
| 610 |
1 |
|
|a военноначальники
|
| 610 |
1 |
|
|a стратегии
|
| 610 |
1 |
|
|a управление
|
| 686 |
|
|
|a Т3(0)323
|v LBC/SL-A
|2 rubbk
|
| 686 |
|
|
|a Ц3
|v LBC/SL-A
|2 rubbk
|
| 700 |
|
0 |
|a Цезарь Гай Юлий
|c римский диктатор, император в 49-44 др н.э.
|c родоначальник Юлиев-Клавдиев
|f 102/100-44 до н. э.
|7 ca
|8 rus
|2 stltpush
|3 (RuTPU)RU\TPU\pers\778
|9 352
|
| 702 |
|
1 |
|a Покровский
|b М. М.
|4 730
|
| 801 |
|
1 |
|a RU
|b 63413507
|c 20101213
|
| 801 |
|
2 |
|a RU
|b 63413507
|c 20111005
|g RCR
|
| 942 |
|
|
|c BK
|
| 959 |
|
|
|a 88/20101206
|d 1
|e 0
|f ЧЗГЛ:1
|